00517nam a22001697a 450000500170000001000150001702000260003203500140005803700130007208200080008510000190009324500630011226000250017527000840020030000410028470000220032520181020141534.0 aENG-124340 a9789353061685c249.00 aEN-107872 bDBAD/PUB a000 aGagrani, Harsh aGeneral knowledge /cby Harsh Gagrani [and] Abhishek Dubey aNoidabPearsonc2019 a15th Floor, Tower B, Worls Trade Tower, Plot No.1, Block -CbNoida (UP)e201301 axx, various pagingc22cm.(pbk)bill. a Dubey, Abhishek